00740 a2200205 4500999001900000005001700019010001500036020003100051035001400082037001300096082001100109100002100120245009200141250000900233260004500242270006800287300003400355942002700389952011800416 c183370d18337020211223154700.0 aENG-130562 a978-0-19-013048-0c1595.00 aEN-114094 bDBAD/PUB a934b1 aLahiri, Nayanjot aArchaeology and the Public Purpose:bWritings on and by M.N Deshpande/cNayanjot Lahiri a2021 aNew DelhibOxford University Pressc2020 a22 Workspace, 2nd Floor, 1/22 Asaf Ali Road bNew Delhie110002 axii,335 p.c22cm (hbk)bIndex adplcEN2ddch934mLAH 001040708NFICaLbLd2021-12-23eDBAD/PUBg1595.00l0o934 LAHpEN-114094r2021-12-23 00:00:00t1v1595.00yEN